Responses for show #3103 - Wednesday, February 11, 1998

1998 Tournament of Champions semifinal game 3.

Contestants

Sahir Islam, a Teen Tournament winner from Somers, New York

Kim Worth, a freelance writer and stand-up comedian from Venice, California

Grace Veach, a librarian from Decatur, Illinois

Jeopardy! Round responses

NEO GEO
NEWSPAPERS & MAGAZINES
PRAISE THE "LORD"
HAMMURABI'S CODE
(Alex: We all remember that!)
DANCE MUSIC
YOU KNOW WHAT THEY SAY
    $100 7
Congo

Grace
    $100 6
USA Today

Kim
    $100 1
House of Lords

Grace
    $100 12
Teeth

Sahir
    $100 26
"Let's Dance"

Grace
    $100 18
Wrongs

Sahir
    $200 8
Slovakia

Sahir
    $200 13
(S: What is The Economist?)

Newsweek

KimSahir
    $200 2
Alfred Lord Tennyson

Grace
    $200 14
13

Kim
    $200 27
"Dancing Queen"

Kim
    $200 22
Crumbles

Kim
    $300 9
Lithuania

Grace
    $300 19
George

Sahir
    $300 3
The Lord's Prayer

Grace
    $300 15
(S: What is a fair deal?)

Receipt

GraceSahir
    $300 28
"Save The Last Dance For Me"

Kim
    $300 23
Numbers

Grace
    $400 10
Yemen (North & South)

Sahir
    $400 20
(Sahir: What is The New Yorker?)

Vanity Fair

Sahir
Triple Stumper
    $400 4
Jack Lord

Grace
    $400 16
Soldier

Triple Stumper
    $1,800 29
"Cheek To Cheek"

Kim
    $400 24
Wait

Sahir
    $500 11
Slovenia

Kim
    $500 21
(S: What is The Wall Street Journal?)

Barron's

Sahir
Triple Stumper
    $500 5
Lord of Illusions

Triple Stumper
    $500 17
Cow, bull, ox....

Kim
    $500 30
"Dance: Ten; Looks: Three"

Grace
    $500 25
Close

Grace

Scores at the first commercial break (after clue 15):

Grace Kim Sahir
$1,700 $1,000 $200

Scores at the end of the Jeopardy! Round:

Grace Kim Sahir
$3,100 $4,000 $100

Double Jeopardy! Round responses

VERONICA
"P.S."
CORKY THE CARNY
OPERA
CURLING UP
WITH THE GOOD BOOK
    $200 26
(less than a minute...)

Archie Andrews

Sahir
    $200 16
Pete Sampras

Sahir
    $200 9
Midway

Kim
    $200 1
La Scala

Sahir
    $200 21
Roll

Sahir
    $200 3
John

Kim
    $400 27
Bullfighting

Kim
    $400 17
Paul Simon

Sahir
    $400 12
Flea Circus

Kim
    $400 2
Hansel And Gretel

Kim
    $400 22
Rink

Triple Stumper
    $400 4
Deuteronomy

Kim
    $600 30
Veronica Cartwright

Triple Stumper
    $600 18
Patricia Schroeder

Sahir
    $600 13
Ballyhoo

Grace
    $600 6
The Magic Flute

Grace
    $600 23
Skip

Grace
    $600 5
Ruth

Sahir
    $800 29
Stations of the Cross

Kim
    $300 19
Pauly Shore

Sahir
    $800 14
(Tilt-A-Whirl picture courtesy of Sellner Manufacturing Co.)

Tilt-A-Whirl

Grace
    $800 7
(K: What is "Orpheus?")

The Tales Of Hoffmann

GraceKim
    $800 24
Broom

Grace
    $2,100 10
Judges

Kim
    $1000 28
Veronica Hamel

Grace
    $1000 20
Pierre Salinger

Kim
    $1000 15
Rube

Triple Stumper
    $1000 8
Marian Anderson

Grace
    $1000 25
(K: What is walk on water?)

Casts/delivers the first stone

Kim
Triple Stumper
    $1000 11
Ephesians

Grace

Scores at the end of the Double Jeopardy! Round:

Grace Kim Sahir
$10,300 $8,100 $2,800

[wagering suggestions for these scores]

Final Jeopardy! Round responses

THE ACADEMY AWARDS
(Alex: Kim, your two opponents in the final will be Dan Melia and Bob Harris.)
SahirWhat is Shine?
$1,644
KimWhat is Braveheart?
$0
GraceWhat is Vi
$6,000
Braveheart or Unforgiven

Final scores:

Grace Kim Sahir
$4,300 $8,100 $1,156
2nd place: $5,000 Finalist 3rd place: $5,000

Game dynamics:

Coryat scores:

Grace Kim Sahir
$10,300 $5,400 $3,300
20 R,
0 W
18 R
(including 2 DDs),
2 W
14 R
(including 1 DD),
4 W

Combined Coryat: $19,000

The J! Archive is created by fans, for fans. The Jeopardy! game show and all elements thereof, including but not limited to copyright and trademark thereto, are the property of Jeopardy Productions, Inc. and are protected under law. This website is not affiliated with, sponsored by, or operated by Jeopardy Productions, Inc. Join the discussion at JBoard.tv.